| 000 | 00689nam a2200241Ia 4500 | ||
|---|---|---|---|
| 003 | OSt | ||
| 005 | 20220926030422.0 | ||
| 006 | a|||||r|||| 00| 0 | ||
| 007 | ta | ||
| 008 | 220923b |||||||| |||| 00| 0 eng d | ||
| 037 | _cGeneral Book | ||
| 040 |
_aRTL _cRTL _beng |
||
| 041 |
_2eng _aeng |
||
| 082 | _aV491.N7, L3 | ||
| 100 |
_aDupree Louis _9124781 |
||
| 245 | 0 | _aAfghanistan | |
| 260 |
_aPrinceton _bNew Jersey Princeton University Press _c1973 |
||
| 300 |
_axxxiv, 760p _ccm. |
||
| 500 | _aBibliography: P 699-720; Appendix: P 669-96 | ||
| 650 | _aFreedom Struggle History | ||
| 942 |
_hV491.N7, L3 _cGB _2CC |
||
| 999 |
_c649688 _d649688 |
||